" A Funny place to store carbon" : (Record no. 13582)
[ view plain ]
| 000 -LEADER | |
|---|---|
| fixed length control field | 00755nam a22002172 4500 |
| 001 - CONTROL NUMBER | |
| control field | 0000013188 |
| 005 - DATE AND TIME OF LATEST TRANSACTION | |
| control field | 20151217155855.0 |
| 008 - FIXED-LENGTH DATA ELEMENTS--GENERAL INFORMATION | |
| fixed length control field | 090618s xx 000 0 eng d |
| 020 ## - INTERNATIONAL STANDARD BOOK NUMBER | |
| International Standard Book Number | 9974796997 : |
| 040 ## - CATALOGING SOURCE | |
| Original cataloging agency | KABU |
| Transcribing agency | KABU |
| 100 1# - MAIN ENTRY--PERSONAL NAME | |
| Personal name | Lang, Chris. |
| -- | 0000170334 |
| 245 14 - TITLE STATEMENT | |
| Title | " A Funny place to store carbon" : |
| Remainder of title | UWA-FACE Foundation's tree planting project in Mount Elgon National Park, Uganda / |
| Statement of responsibility, etc. | Chris Lang and Timothy Byakola. |
| 250 ## - EDITION STATEMENT | |
| Edition statement | 1st ed. |
| 260 ## - PUBLICATION, DISTRIBUTION, ETC. (IMPRINT) | |
| Place of publication, distribution, etc. | Montevideo, Uruguay : |
| Name of publisher, distributor, etc. | World Rain Movement, |
| Date of publication, distribution, etc. | 2006. |
| 300 ## - PHYSICAL DESCRIPTION | |
| Extent | 103 p. |
| 650 #0 - SUBJECT ADDED ENTRY--TOPICAL TERM | |
| Topical term or geographic name as entry element | Tree planting |
| Geographic subdivision | Uganda. |
| -- | 0000170335 |
| 700 1# - ADDED ENTRY--PERSONAL NAME | |
| Personal name | Byakola, Timothy. |
| -- | 0000170336 |
| 852 1# - LOCATION | |
| -- | p200 KES |
| 908 ## - PUT COMMAND PARAMETER (RLIN) | |
| Put command parameter | 090618 |
| 950 ## - LOCAL HOLDINGS (RLIN) | |
| -- | 1 |
| Withdrawn status | Lost status | Source of classification or shelving scheme | Not for loan | Home library | Current library | Date acquired | Total Checkouts | Full call number | Barcode | Date last seen | Price effective from | Koha item type |
|---|---|---|---|---|---|---|---|---|---|---|---|---|
| Library of Congress Classification | Kabarak, Main Campus | Kabarak, Main Campus | 17/12/2015 | SD242 .U3L36 2006 c. 1 | 17888 | 17/12/2015 | 17/12/2015 | Africana Collection |